LEADER 02432nam 2200589 450 001 9910795593503321 005 20200520144314.0 010 $a3-11-046883-2 010 $a3-11-046957-X 024 7 $a10.1515/9783110469578 035 $a(CKB)4340000000241943 035 $a(MiAaPQ)EBC5157260 035 $a(DE-B1597)462983 035 $a(OCoLC)1025359654 035 $a(DE-B1597)9783110469578 035 $a(Au-PeEL)EBL5157260 035 $a(CaPaEBR)ebr11520321 035 $a(PPN)225578085 035 $a(EXLCZ)994340000000241943 100 $a20180214h20182018 uy| 0 101 0 $aeng 135 $aurcnu|||||||| 181 $2rdacontent 182 $2rdamedia 183 $2rdacarrier 200 00$aOrnament and figure in Graeco-Roman art $erethinking visual ontologies in classical antiquity /$fedited by Nikolaus Dietrich and Michael Squire 210 1$aBerlin ;$aBoston :$cDe Gruyter,$d[2018] 210 4$dİ2018 215 $a1 online resource (434 pages) $cillustrations 311 $a3-11-046015-7 320 $aIncludes bibliographical references and index. 327 $aTo haunt, to startle, and way-lay/ Michael Squire -- Figu?rlicher Schmuck in der griechischen Architektur zwischen Dekor und Repra?sentation / Tonio Ho?lscher -- Ornamental and formulaic patterns / Jonas Grethlein. 330 $a"This edited collection explores the relationship between 'ornament' and 'figure' in Graeco-Roman antiquity. Through a series of specially commissioned chapters, contributors examine a range of ancient materials and texts: combining theoretical discussion and close analytical interpretations, the book interrogates shifting ideas of the image in both antiquity and the ensuing western art critical tradition"--$cProvided by publisher. 606 $aArt, Greco-Roman$xThemes, motives 606 $aImage (Philosophy) 610 $aGraeco-Roman visual culture. 610 $aancient aesthetics. 610 $amimesis. 610 $aornament/decoration. 615 0$aArt, Greco-Roman$xThemes, motives. 615 0$aImage (Philosophy) 676 $a709.01 686 $aART015060$aHIS002000$2bisacsh 702 $aDietrich$b Nikolaus 702 $aSquire$b Michael 801 0$bMiAaPQ 801 1$bMiAaPQ 801 2$bMiAaPQ 906 $aBOOK 912 $a9910795593503321 996 $aOrnament and figure in Graeco-Roman art$93690604 997 $aUNINA LEADER 06516nam 22008052 450 001 9910789316403321 005 20151005020622.0 010 $a1-107-23354-2 010 $a1-68015-991-7 010 $a1-107-33627-9 010 $a1-139-01659-8 010 $a1-107-33295-8 010 $a1-107-33227-3 010 $a1-107-33461-6 010 $a1-299-40321-2 010 $a1-107-33544-2 035 $a(CKB)3460000000128972 035 $a(EBL)1139558 035 $a(OCoLC)839386877 035 $a(SSID)ssj0000834720 035 $a(PQKBManifestationID)11509350 035 $a(PQKBTitleCode)TC0000834720 035 $a(PQKBWorkID)10982045 035 $a(PQKB)11487524 035 $a(UkCbUP)CR9781139016599 035 $a(MiAaPQ)EBC1139558 035 $a(Au-PeEL)EBL1139558 035 $a(CaPaEBR)ebr10687773 035 $a(CaONFJC)MIL471571 035 $a(PPN)196309751 035 $a(EXLCZ)993460000000128972 100 $a20110215d2013|||| uy| 0 101 0 $aeng 135 $aur||||||||||| 181 $ctxt$2rdacontent 182 $cc$2rdamedia 183 $acr$2rdacarrier 200 10$aComputational models for polydisperse particulate and multiphase systems /$fDaniele L. Marchisio, Rodney O. Fox$b[electronic resource] 210 1$aCambridge :$cCambridge University Press,$d2013. 215 $a1 online resource (xxxviii, 508 pages) $cdigital, PDF file(s) 225 1 $aCambridge series in chemical engineering 300 $aTitle from publisher's bibliographic system (viewed on 05 Oct 2015). 311 $a0-521-85848-8 311 $a1-107-32651-6 327 $a""Cover""; ""Contents""; ""Preface""; ""Notation""; ""1 Introduction""; ""1.1 Disperse multiphase flows""; ""1.2 Two example systems""; ""1.2.1 The population-balance equation for fine particles""; ""1.2.2 The kinetic equation for gas--particle flow""; ""1.3 The mesoscale modeling approach""; ""1.3.1 Relation to microscale models""; ""1.3.2 Number-density functions""; ""1.3.3 The kinetic equation for the disperse phase""; ""1.3.4 Closure at the mesoscale level""; ""1.3.5 Relation to macroscale models""; ""1.4 Closure methods for moment-transport equations""; ""1.4.1 Hydrodynamic models"" 327 $a""1.4.2 Moment methods""""1.5 A road map to Chapters 2--8""; ""2 Mesoscale description of polydisperse systems""; ""2.1 Number-density functions (NDF)""; ""2.1.1 Length-based NDF""; ""2.1.2 Volume-based NDF""; ""2.1.3 Mass-based NDF""; ""2.1.4 Velocity-based NDF""; ""2.2 The NDF transport equation""; ""2.2.1 The population-balance equation (PBE)""; ""2.2.2 The generalized population-balance equation (GPBE)""; ""2.2.3 The closure problem""; ""2.3 Moment-transport equations""; ""2.3.1 Moment-transport equations for a PBE""; ""2.3.2 Moment-transport equations for a GPBE"" 327 $a""2.4 Flow regimes for the PBE""""2.4.1 Laminar PBE""; ""2.4.2 Turbulent PBE""; ""2.5 The moment-closure problem""; ""3 Quadrature-based moment methods""; ""3.1 Univariate distributions""; ""3.1.1 Gaussian quadrature""; ""3.1.2 The product--difference (PD) algorithm""; ""3.1.3 The Wheeler algorithm""; ""3.1.4 Consistency of a moment set""; ""3.2 Multivariate distributions""; ""3.2.1 Brute-force QMOM""; ""3.2.2 Tensor-product QMOM""; ""3.2.3 Conditional QMOM""; ""3.3 The extended quadrature method of moments (EQMOM)""; ""3.3.1 Relationship to orthogonal polynomials"" 327 $a""3.3.2 Univariate EQMOM""""3.3.3 Evaluation of integrals with the EQMOM""; ""3.3.4 Multivariate EQMOM""; ""3.4 The direct quadrature method of moments (DQMOM)""; ""4 The generalized population-balance equation""; ""4.1 Particle-based definition of the NDF""; ""4.1.1 Definition of the NDF for granular systems""; ""4.1.2 NDF estimation methods""; ""4.1.3 Definition of the NDF for fluid--particle systems""; ""4.2 From the multi-particle--fluid joint PDF to the GPBE""; ""4.2.1 The transport equation for the multi-particle joint PDF"" 327 $a""4.2.2 The transport equation for the single-particle joint PDF""""4.2.3 The transport equation for the NDF""; ""4.2.4 The closure problem""; ""4.3 Moment-transport equations""; ""4.3.1 A few words about phase-space integration""; ""4.3.2 Disperse-phase number transport""; ""4.3.3 Disperse-phase volume transport""; ""4.3.4 Fluid-phase volume transport""; ""4.3.5 Disperse-phase mass transport""; ""4.3.6 Fluid-phase mass transport""; ""4.3.7 Disperse-phase momentum transport""; ""4.3.8 Fluid-phase momentum transport""; ""4.3.9 Higher-order moment transport"" 327 $a""4.4 Moment closures for the GPBE"" 330 $aProviding a clear description of the theory of polydisperse multiphase flows, with emphasis on the mesoscale modelling approach and its relationship with microscale and macroscale models, this all-inclusive introduction is ideal whether you are working in industry or academia. Theory is linked to practice through discussions of key real-world cases (particle/droplet/bubble coalescence, break-up, nucleation, advection and diffusion and physical- and phase-space), providing valuable experience in simulating systems that can be applied to your own applications. Practical cases of QMOM, DQMOM, CQMOM, EQMOM and ECQMOM are also discussed and compared, as are realizable finite-volume methods. This provides the tools you need to use quadrature-based moment methods, choose from the many available options, and design high-order numerical methods that guarantee realizable moment sets. In addition to the numerous practical examples, MATLAB scripts for several algorithms are also provided, so you can apply the methods described to practical problems straight away. 410 0$aCambridge series in chemical engineering. 517 3 $aComputational Models for Polydisperse Particulate & Multiphase Systems 606 $aMultiphase flow$xMathematical models 606 $aChemical reactions$xMathematical models 606 $aTransport theory 606 $aDispersion$xMathematical models 615 0$aMultiphase flow$xMathematical models. 615 0$aChemical reactions$xMathematical models. 615 0$aTransport theory. 615 0$aDispersion$xMathematical models. 676 $a532/.56 700 $aMarchisio$b Daniele L.$01513303 702 $aFox$b Rodney O.$f1959- 801 0$bUkCbUP 801 1$bUkCbUP 906 $aBOOK 912 $a9910789316403321 996 $aComputational models for polydisperse particulate and multiphase systems$93747669 997 $aUNINA LEADER 05302nam 2200625 450 001 9910831094303321 005 20230807211200.0 010 $a3-527-68296-1 010 $a3-527-68293-7 010 $a3-527-68295-3 035 $a(CKB)3710000000218706 035 $a(EBL)1762799 035 $a(SSID)ssj0001407761 035 $a(PQKBManifestationID)11765909 035 $a(PQKBTitleCode)TC0001407761 035 $a(PQKBWorkID)11410051 035 $a(PQKB)10616513 035 $a(MiAaPQ)EBC1762799 035 $a(OCoLC)890358848 035 $a(EXLCZ)993710000000218706 100 $a20140818h20152015 uy 0 101 0 $aeng 135 $aur|n|---||||| 181 $ctxt 182 $cc 183 $acr 200 10$aCellulose and cellulose derivatives in the food industry $efundamentals and applications /$fTanja Wu?stenberg 210 1$aBaden-Wu?rttemberg, Germany :$cWiley-VCH,$d2015. 210 4$dİ2015 215 $a1 online resource (549 p.) 300 $aDescription based upon print version of record. 311 $a3-527-33758-X 320 $aIncludes bibliographical references and index. 327 $aCellulose and Cellulose Derivatives in the Food Industry: Fundamentals and Applications; Contents; Preface; List of Abbreviations; 1 General Overview of Food Hydrocolloids; 1.1 Introduction to the World of Hydrocolloids; 1.2 Plant Extracts; 1.2.1 Agar; 1.2.2 Alginates and PGA; 1.2.3 Carrageenan; 1.2.4 Pectins; 1.2.5 Native and Modified Starches; 1.2.6 Furcellaran; 1.2.7 Larch Gum; 1.3 Seed Flours; 1.3.1 Guar Gum; 1.3.2 Locust Bean Gum (Carob); 1.3.3 Tara Gum; 1.3.4 Tamarind Seed Gum; 1.3.5 Konjac Gum; 1.4 Exudates; 1.4.1 Acacia Gum/Gum Arabic; 1.4.2 Tragacanth; 1.4.3 Karaya Gum 327 $a1.4.4 Ghatti Gum1.5 Bacterial Polysaccharides; 1.5.1 Xanthan; 1.5.2 Others; 1.6 Overview Tables for the Most Important Cellulose Derivatives; 1.7 Commercial Development - Global Market; References; 2 Rheology of Food Hydrocolloids; 2.1 Introduction to Rheology, Rheometry, and Visco-Elasticity; 2.2 Definitions; 2.3 Basic Data; 2.4 Different Types of Flow Behaviour; 2.5 Structures of Polymers with Shear-Thinning Flow Behaviour; 2.6 Causes of Shear-Thickening of Products; 2.7 Factors that Influence Rheological Behaviour; 2.8 Viscosity Measurement of Thickening Hydrocolloid Solutions 327 $a2.9 Characterization of Gels2.10 Viscosimeters and Rheometers; 2.11 Relationship between Rheology and Sensory; References; 3 Cellulose; 3.1 Introduction, History and Development; 3.1.1 Introduction; 3.1.2 Historical Origin; 3.1.3 Industrial Development from the Beginning to Today; 3.1.4 Current Data for Cellulose Processing; 3.2 Raw Materials and Biological Origin; 3.2.1 Occurrence; 3.2.2 Potential Sources for Natural Cellulosic Fibres; 3.2.3 Wood as Cellulose Supplier; 3.2.3.1 Tree Wood and Perennial Plants; 3.2.3.2 Annual Plants; 3.2.4 Bacterial Cellulose; 3.2.5 Biosynthesis 327 $a3.2.6 Biological Composition3.2.6.1 Cotton Fibres; 3.2.6.2 Wood Fibres; 3.2.7 Explanation for Industrial Derivatization; 3.3 Manufacture of Pulp; 3.3.1 Purification of Natural Cellulose Sources; 3.3.2 Cotton Linters; 3.3.3 Wood; 3.4 Chemical Composition and Structure; 3.4.1 Molecular Structure; 3.4.1.1 Basic Structure; 3.4.1.2 Differences between Cellulose and Starch; 3.4.1.3 Structural Anomalies; 3.4.1.4 Chain Length and Molecular Weight; 3.4.2 Secondary Structure; 3.4.2.1 Lattice Structure and Crystallization; 3.4.2.2 Hydrogen Bonding; 3.4.2.3 Chain Stiffness of the Cellulose Molecule 327 $a3.4.3 Supramolecular Structure of Native Cellulose Fibres3.5 Rheology; 3.5.1 Dissolution Behaviour; 3.5.2 Gelation and Behaviour with Other Ingredients; 3.6 Stability; 3.6.1 Physical Properties; 3.6.2 Stability in Food Products; 3.6.3 Chemical Reactions; 3.6.4 Possibilities for Degradation; 3.7 Analysis and Rheometry; 3.7.1 Qualitative Analysis; 3.7.2 Quantitative Determination; 3.7.3 Characterization of Structure of Cellulose Fibres; 3.7.4 Viscosity Measurement; 3.8 Synergies with Other Hydrocolloids; 3.9 Application in Food Products; 3.10 Non-food Applications 327 $a3.11 Options for Derivatization of Cellulose 330 $aAuthored by an expert with many years of experience as an application engineer at renowned cellulose processing companies in the food industry, this book presents all the conventional and latest knowledge available on cellulose and its derivatives. Throughout, the necessary details are elucidated from a theoretical and practical viewpoint, while retaining the focus on food applications. The book provides an essential source of informations including recommendations and instructions of a general nature to assist readers in the exploration of possible applications of cellulose and its derivative 606 $aCellulose 606 $aCellulose$xDerivatives 606 $aCellulose$xChemistry 615 0$aCellulose. 615 0$aCellulose$xDerivatives. 615 0$aCellulose$xChemistry. 676 $a661.802 700 $aWu?stenberg$b Tanja$01714592 801 0$bMiAaPQ 801 1$bMiAaPQ 801 2$bMiAaPQ 906 $aBOOK 912 $a9910831094303321 996 $aCellulose and cellulose derivatives in the food industry$94108544 997 $aUNINA